[Event "1st FIDE OWCCCC Pools-East 2021"]
[Site "Online"]
[Date "2021.02.20"]
[Round "5.44"]
[White "Cosma, Madalina"]
[Black "Gubareva, Sofia"]
[Result "0-1"]
[WhiteElo "886"]
[BlackElo "1480"]
[Annotator "NA RC"]
[PlyCount "42"]
[EventDate "2021.02.19"]
[EventType "team-tourn"]
[EventCountry "NET"]
[SourceTitle "playchess.com"]
[Source "ChessBase"]
[SourceQuality "1"]

1. d4 d5 2. Bf4 e6 3. e3 c5 4. Nd2 Nc6 5. c3 Nf6 6. Bd3 Be7 7. Ngf3 Nh5 8. Ng5 Nxf4 9. exf4 Bxg5 10. g3 Be7 11. h4 cxd4 12. Qh5 dxc3 13. Nf3 g6 14. Qh6 Bf8 15. Qg5 Qxg5 16. hxg5 cxb2 17. Rb1 Bg7 18. O-O h5 19. Bb5 a6 20. Ba4 b5 21. Bc2 Nd4 0-1

[Event "1st FIDE OWCCCC Pools-East 2021"]
[Site "Online"]
[Date "2021.02.20"]
[Round "5.45"]
[White "Manish, Mehra"]
[Black "Negi, Alpana"]
[Result "1-0"]
[WhiteElo "2140"]
[BlackElo "1099"]
[Annotator "NA"]
[PlyCount "59"]
[EventDate "2021.02.19"]
[EventType "team-tourn"]
[EventCountry "NET"]
[SourceTitle "playchess.com"]
[Source "ChessBase"]
[SourceQuality "1"]

1. e4 f6 2. d4 e5 3. dxe5 fxe5 4. Qh5+ g6 5. Qxe5+ Qe7 6. Qxh8 Bg7 7. Qxg8+ Qf8 8. Qxf8+ Bxf8 9. Bc4 d6 10. Ne2 Nd7 11. Nbc3 b6 12. Bg5 Ne5 13. Bb3 Bg4 14. f3 Bd7 15. O-O-O h6 16. Be3 h5 17. Nd5 Rc8 18. Nd4 c6 19. Nf6+ Ke7 20. Nxd7 Nxd7 21. f4 Bh6 22. Rhf1 Rf8 23. g3 c5 24. Nc6+ Ke8 25. Rxd6 Rf7 26. Bxf7+ Kf8 27. Bxg6 Kg7 28. Bd2 Nf8 29. Bc3+ Kg8 30. Ne7# 1-0

[Event "1st FIDE OWCCCC Pools-East 2021"]
[Site "Online"]
[Date "2021.02.20"]
[Round "5.45"]
[White "De Oliveira, Bernardo Lino"]
[Black "Verma, Saksham"]
[Result "1-0"]
[WhiteElo "2100"]
[BlackElo "1343"]
[Annotator "NA"]
[PlyCount "127"]
[EventDate "2021.02.19"]
[EventType "team-tourn"]
[EventCountry "NET"]
[SourceTitle "playchess.com"]
[Source "ChessBase"]
[SourceQuality "1"]

1. e4 e5 2. Nf3 Nc6 3. Bb5 d6 4. Nc3 Bd7 5. O-O Nf6 6. d4 Be7 7. Bxc6 Bxc6 8. dxe5 Nxe4 9. Nxe4 Bxe4 10. exd6 Qxd6 11. Qxd6 Bxd6 12. Re1 f5 13. Ng5 O-O 14. Nxe4 Rae8 15. Bd2 Rxe4 16. Rxe4 fxe4 17. Re1 Rd8 18. Bc3 Bc5 19. h3 b6 20. g4 Rf8 21. Re2 a5 22. Kg2 h6 23. Bd2 Kh7 24. Be1 Re8 25. Bd2 Kg6 26. Be3 Bxe3 27. Rxe3 Kg5 28. Kg3 Re7 29. h4+ Kg6 30. Kf4 Rf7+ 31. Kg3 Re7 32. f3 Kf6 33. Rxe4 Rxe4 34. fxe4 Ke5 35. Kf3 c5 36. c3 b5 37. Ke3 g6 38. a3 a4 39. Kf3 g5 40. hxg5 hxg5 41. Ke3 c4 42. Kf3 Ke6 43. Kf2 Ke5 44. Ke3 Ke6 45. Kd4 Kd6 46. e5+ Kc6 47. Ke4 Kd7 48. Kf5 Ke7 49. Kxg5 Ke6 50. Kf4 Ke7 51. Kf5 Kf7 52. g5 Ke7 53. g6 b4 54. axb4 a3 55. bxa3 Kf8 56. Kf6 Kg8 57. e6 Kf8 58. e7+ Ke8 59. g7 Kd7 60. g8=Q Kd6 61. e8=Q Kc7 62. Qee6 Kb7 63. Qgf7+ Kb8 64. Qee8# 1-0

[Event "1st FIDE OWCCCC Pools-East 2021"]
[Site "Online"]
[Date "2021.02.20"]
[Round "5.45"]
[White "Garcia Paolicchi, Raul"]
[Black "Gupta, Shruti"]
[Result "1-0"]
[WhiteElo "2094"]
[BlackElo "721"]
[Annotator "NA"]
[PlyCount "57"]
[EventDate "2021.02.19"]
[EventType "team-tourn"]
[EventCountry "NET"]
[SourceTitle "playchess.com"]
[Source "ChessBase"]
[SourceQuality "1"]

1. d4 d5 2. c4 c6 3. Nc3 dxc4 4. e4 Na6 5. Bxc4 Be6 6. d5 cxd5 7. exd5 Bd7 8. Qf3 Nf6 9. Nge2 e6 10. dxe6 Bxe6 11. Bb5+ Bd7 12. Bg5 Bxb5 13. Bxf6 gxf6 14. Nxb5 Bc5 15. O-O O-O 16. Rad1 Qb6 17. Nec3 Nb4 18. a3 Nc2 19. Rd2 Rad8 20. Rxc2 Qe6 21. Nc7 Qe5 22. N7d5 Bd6 23. g3 Kh8 24. Re2 Qg5 25. h4 Qg7 26. Nxf6 Bxg3 27. fxg3 Rde8 28. Rxe8 Rxe8 29. Nxe8 1-0

[Event "1st FIDE OWCCCC Pools-East 2021"]
[Site "Online"]
[Date "2021.02.20"]
[Round "5.45"]
[White "Harshit, Sharma"]
[Black "Vovk, Orest"]
[Result "0-1"]
[WhiteElo "1789"]
[BlackElo "2315"]
[Annotator "TA"]
[PlyCount "52"]
[EventDate "2021.02.19"]
[EventType "team-tourn"]
[EventCountry "NET"]
[SourceTitle "playchess.com"]
[Source "ChessBase"]
[SourceQuality "1"]

1. e4 Nc6 2. d4 e5 3. d5 Nce7 4. Bd3 Ng6 5. Ne2 Bc5 6. c4 Nf6 7. Nbc3 Ng4 8. Rf1 Nxh2 9. Rh1 Ng4 10. Rf1 Nh4 11. Ng3 Nxg2+ 12. Kd2 Nxf2 13. Qf3 Nh4 14. Qh5 Ng6 15. Nf5 Qf6 16. Kc2 h6 17. Nb5 Kd8 18. b4 Nxd3 19. bxc5 Ngf4 20. Bxf4 Nxf4 21. Rxf4 exf4 22. e5 Qg6 23. e6 dxe6 24. dxe6 Qxh5 25. e7+ Kd7 26. e8=Q+ Rxe8 0-1

[Event "1st FIDE OWCCCC Pools-East 2021"]
[Site "Online"]
[Date "2021.02.20"]
[Round "5.46"]
[White "Chaouche, Adel"]
[Black "Tang, Michael"]
[Result "1-0"]
[WhiteElo "1449"]
[BlackElo "1719"]
[Annotator "NA RC"]
[PlyCount "97"]
[EventDate "2021.02.19"]
[EventType "team-tourn"]
[EventCountry "NET"]
[SourceTitle "playchess.com"]
[Source "ChessBase"]
[SourceQuality "1"]

1. e4 c5 2. Nf3 d6 3. d4 cxd4 4. Nxd4 Nf6 5. Nc3 g6 6. Be2 Bg7 7. Be3 O-O 8. Qd2 Nc6 9. O-O-O Bd7 10. h4 h5 11. f3 Qa5 12. Nb3 Qc7 13. Rdg1 Ne5 14. Kb1 Rfc8 15. g4 Nc4 16. Bxc4 Qxc4 17. gxh5 Nxh5 18. Bd4 a5 19. Bxg7 Kxg7 20. Qd4+ Qxd4 21. Nxd4 Rc4 22. Nb3 Be6 23. Nd2 Rc5 24. Rg5 Rac8 25. Rhg1 Kf6 26. Nb3 Rxg5 27. hxg5+ Kg7 28. Nxa5 b6 29. Nb3 Nf4 30. Nd4 Bd7 31. Nde2 Ne6 32. Nd5 Rc5 33. Nxe7 Nxg5 34. Nd4 Ne6 35. Nxe6+ fxe6 36. Nxg6 Kf6 37. Nf4 Rg5 38. Rxg5 Kxg5 39. Nd3 Bb5 40. Kc1 Bxd3 41. cxd3 Kf4 42. Kd2 Kxf3 43. a4 Kf4 44. b4 Ke5 45. Kc3 d5 46. d4+ Kd6 47. e5+ Kc6 48. Kd3 Kd7 49. Ke3 1-0

[Event "1st FIDE OWCCCC Pools-East 2021"]
[Site "Online"]
[Date "2021.02.20"]
[Round "5.46"]
[White "Huz, Valerii"]
[Black "Gupta, Apaar"]
[Result "1-0"]
[WhiteElo "1427"]
[BlackElo "1679"]
[Annotator "NA RC"]
[PlyCount "115"]
[EventDate "2021.02.19"]
[EventType "team-tourn"]
[EventCountry "NET"]
[SourceTitle "playchess.com"]
[Source "ChessBase"]
[SourceQuality "1"]

1. e4 c6 2. c4 d5 3. cxd5 cxd5 4. exd5 Nf6 5. Bb5+ Nbd7 6. Nf3 a6 7. Bxd7+ Bxd7 8. Nc3 Bg4 9. Qa4+ b5 10. Qf4 Bxf3 11. Qxf3 Rc8 12. a3 g6 13. O-O Bg7 14. d4 O-O 15. Bf4 Nh5 16. Be5 f6 17. Bg3 Nxg3 18. hxg3 f5 19. Qe3 Re8 20. Qe6+ Kh8 21. Qxa6 Bxd4 22. Qxb5 Bxc3 23. bxc3 Rxc3 24. Qb2 Qa5 25. Rac1 Rec8 26. Rfe1 Kg8 27. Rxc3 Rxc3 28. Rxe7 Qd8 29. Qxc3 Qxe7 30. Qe3 Qd6 31. Qe8+ Kg7 32. Qa8 Kf6 33. Qc6 Ke7 34. a4 Qxc6 35. dxc6 Kd6 36. f3 Kxc6 37. Kf2 Kb6 38. Ke3 Ka5 39. Kf4 Kxa4 40. Kg5 Kb4 41. Kh6 Kc5 42. Kxh7 Kd6 43. Kxg6 Ke5 44. g4 fxg4 45. fxg4 Ke6 46. g5 Ke7 47. Kg7 Ke8 48. g6 Ke7 49. Kh7 Kf8 50. g7+ Ke7 51. g8=Q Kd6 52. Qc4 Ke5 53. g4 Kf6 54. Qd5 Ke7 55. g5 Ke8 56. g6 Ke7 57. g7 Kf6 58. g8=N# 1-0

[Event "1st FIDE OWCCCC Pools-East 2021"]
[Site "Online"]
[Date "2021.02.20"]
[Round "5.46"]
[White "Levitan, Liel"]
[Black "Zengaffinen-Morris, Thomas"]
[Result "1-0"]
[WhiteElo "1097"]
[BlackElo "924"]
[Annotator "NA"]
[PlyCount "61"]
[EventDate "2021.02.19"]
[EventType "team-tourn"]
[EventCountry "NET"]
[SourceTitle "playchess.com"]
[Source "ChessBase"]
[SourceQuality "1"]

1. e4 e5 2. Nf3 Nc6 3. Bc4 h6 4. d4 exd4 5. Nxd4 Nxd4 6. Qxd4 Nf6 7. O-O Bb4 8. Bxf7+ Kxf7 9. Qxb4 Re8 10. Nc3 Kg8 11. Be3 d6 12. Qc4+ Be6 13. Qd3 Ng4 14. Bd2 Ne5 15. Qg3 g5 16. f4 Nf7 17. h4 Kf8 18. fxg5 hxg5 19. hxg5 Ke7 20. g6 Ne5 21. Bg5+ Kd7 22. Bxd8 Raxd8 23. Nd5 Bxd5 24. exd5 Rg8 25. Qh3+ Ke7 26. Qh7+ Ke8 27. g7 Rxg7 28. Qxg7 Nf7 29. Qg6 Rd7 30. Qg8+ Ke7 31. Rxf7# 1-0

[Event "1st FIDE OWCCCC Pools-East 2021"]
[Site "Online"]
[Date "2021.02.20"]
[Round "5.47"]
[White "Preetika, Tayal"]
[Black "Kirchei, Viktoriia"]
[Result "1-0"]
[WhiteElo "1847"]
[BlackElo "2207"]
[Annotator "NA RC"]
[PlyCount "53"]
[EventDate "2021.02.19"]
[EventType "team-tourn"]
[EventCountry "NET"]
[SourceTitle "playchess.com"]
[Source "ChessBase"]
[SourceQuality "1"]

1. e4 e5 2. Nf3 Nc6 3. d3 d6 4. g3 g6 5. Bg2 Bg7 6. O-O Nf6 7. c3 O-O 8. a4 a5 9. Nbd2 Be6 10. h3 h5 11. Ng5 Nh7 12. Nxe6 fxe6 13. Nc4 d5 14. exd5 exd5 15. Ne3 Ng5 16. Nxd5 Nf3+ 17. Bxf3 Rxf3 18. Qxf3 Bf6 19. Nxf6+ Kg7 20. Bg5 Qd6 21. Ne4 Qe6 22. Bf6+ Kh7 23. Ng5+ Kh6 24. Nxe6 Re8 25. Bg5+ Kh7 26. Qf7+ Kh8 27. Bf6# 1-0

[Event "1st FIDE OWCCCC Pools-East 2021"]
[Site "Online"]
[Date "2021.02.20"]
[Round "5.47"]
[White "Mititelu, Alina"]
[Black "Perez, Richard"]
[Result "0-1"]
[WhiteElo "1751"]
[BlackElo "1756"]
[Annotator "NA"]
[PlyCount "82"]
[EventDate "2021.02.19"]
[EventType "team-tourn"]
[EventCountry "NET"]
[SourceTitle "playchess.com"]
[Source "ChessBase"]
[SourceQuality "1"]

1. e4 d5 2. exd5 Qxd5 3. Nc3 Qd6 4. Nf3 Bg4 5. Be2 Nf6 6. d3 e6 7. Bg5 Nbd7 8. Qd2 c6 9. h3 Bh5 10. O-O-O O-O-O 11. g4 Bg6 12. Nh4 Qb4 13. Nxg6 hxg6 14. Ne4 Qa4 15. Kb1 Bb4 16. c3 Be7 17. Nxf6 Nxf6 18. Qc2 Qb5 19. d4 Qxg5 20. f3 Nd5 21. Qb3 Ne3 22. Rde1 Ng2 23. Rd1 Nf4 24. Bc4 Rxh3 25. Rhf1 Ng2 26. Rd2 Ne3 27. Rff2 Rh1+ 28. Bf1 Nxf1 29. Rxf1 Rxf1+ 30. Rd1 Rxf3 31. a4 Qxg4 32. a5 Qf5+ 33. Ka2 Qxa5+ 34. Kb1 Rd5 35. Qc2 Rb5 36. Rc1 Ba3 37. b4 Bxb4 38. cxb4 Rxb4+ 39. Qb2 Rf2 40. Qxb4 Qxb4+ 41. Ka1 Qb2# 0-1

[Event "1st FIDE OWCCCC Pools-East 2021"]
[Site "Online"]
[Date "2021.02.20"]
[Round "5.47"]
[White "Longas Gonzalez, Marta"]
[Black "Anand, Ashish"]
[Result "1-0"]
[WhiteElo "1423"]
[BlackElo "1830"]
[Annotator "NA"]
[PlyCount "67"]
[EventDate "2021.02.19"]
[EventType "team-tourn"]
[EventCountry "NET"]
[SourceTitle "playchess.com"]
[Source "ChessBase"]
[SourceQuality "1"]

1. d4 Nf6 2. c4 e5 3. Bg5 e4 4. Nc3 Bb4 5. e3 O-O 6. f3 Re8 7. fxe4 Rxe4 8. Bd3 Re8 9. Nf3 c6 10. O-O d5 11. cxd5 cxd5 12. Bxf6 Qxf6 13. Nxd5 Qe7 14. Nxe7+ Bxe7 15. e4 Nc6 16. d5 Bc5+ 17. Kh1 Ne5 18. Nxe5 Rxe5 19. Qf3 f6 20. Bc4 Bd6 21. Rae1 Bd7 22. h3 Rae8 23. Bd3 a6 24. Qd1 Bc5 25. Qc2 Bd6 26. Qb3 Rb8 27. Qb6 Be7 28. Qc7 Rd8 29. d6 Kf8 30. dxe7+ Kxe7 31. Qxb7 a5 32. Rd1 h6 33. Bc2 Rb5 34. Rxd7+ 1-0

[Event "1st FIDE OWCCCC Pools-East 2021"]
[Site "Online"]
[Date "2021.02.20"]
[Round "5.47"]
[White "Meyer, Fredrik"]
[Black "sgl"]
[Result "0-1"]
[WhiteElo "1222"]
[BlackElo "1698"]
[Annotator "NA"]
[PlyCount "118"]
[EventDate "2021.02.19"]
[EventType "team-tourn"]
[EventCountry "NET"]
[SourceTitle "playchess.com"]
[Source "ChessBase"]
[SourceQuality "1"]

1. d4 d5 2. Bf4 Nf6 3. e3 e6 4. Nf3 Nc6 5. c3 Bd6 6. Bg3 O-O 7. Bd3 Re8 8. Nbd2 e5 9. Bc2 e4 10. Ng1 Bg4 11. f3 exf3 12. Ngxf3 Rxe3+ 13. Kf2 Re7 14. Re1 Rxe1 15. Qxe1 Qd7 16. h3 Bxg3+ 17. Kxg3 Re8 18. Ne5 Nxe5 19. dxe5 Ne4+ 20. Nxe4 dxe4 21. hxg4 Rxe5 22. Rd1 Qe7 23. Bxe4 f5 24. gxf5 Qg5+ 25. Kf3 Qh5+ 26. Kf2 Qh4+ 27. Kf1 Qf4+ 28. Qf2 Qxe4 29. Rd8+ Kf7 30. Rd7+ Ke8 31. Rd1 Rxf5 32. Re1 Qxe1+ 33. Kxe1 Rxf2 34. Kxf2 Kf7 35. Kf3 Kf6 36. g4 g5 37. a4 h6 38. b4 Ke5 39. Ke3 c6 40. c4 b6 41. a5 b5 42. c5 a6 43. Kf3 Kd4 44. Ke2 Kc4 45. Ke3 Kxb4 46. Ke4 Kxc5 47. Kf5 b4 48. Kg6 b3 49. Kxh6 b2 50. Kxg5 b1=Q 51. Kh5 Qh7+ 52. Kg5 Qg8+ 53. Kf4 Kb5 54. g5 Kxa5 55. Kf5 Kb4 56. g6 c5 57. Kf6 c4 58. g7 Qxg7+ 59. Kxg7 c3 0-1

[Event "1st FIDE OWCCCC Pools-East 2021"]
[Site "Online"]
[Date "2021.02.20"]
[Round "5.47"]
[White "avinash_upp"]
[Black "Manukonda Arun"]
[Result "0-1"]
[WhiteElo "770"]
[BlackElo "2033"]
[Annotator "TA"]
[PlyCount "68"]
[EventDate "2021.02.19"]
[EventType "team-tourn"]
[EventCountry "NET"]
[SourceTitle "playchess.com"]
[Source "ChessBase"]
[SourceQuality "1"]

1. e4 c5 2. Bc4 Nc6 3. d3 e6 4. a3 a6 5. Ba2 d6 6. Nc3 Nf6 7. Bg5 Be7 8. Nf3 O-O 9. h3 b5 10. Be3 Bb7 11. Ne2 Qc7 12. Ng3 Rfe8 13. Qd2 Rad8 14. O-O d5 15. e5 Nd7 16. Rae1 Ndxe5 17. Nxe5 Nxe5 18. Bf4 Bd6 19. Nh5 Ng6 20. Bxd6 Qxd6 21. d4 cxd4 22. Qxd4 e5 23. Qa7 Re7 24. Qe3 Rde8 25. Qg3 f5 26. Qg5 Rf8 27. Kh1 h6 28. Qd2 Kh8 29. Rd1 d4 30. f3 Rd8 31. c3 d3 32. Bb1 e4 33. fxe4 fxe4 34. Qe3 Qe5 0-1

[Event "1st FIDE OWCCCC Pools-East 2021"]
[Site "Online"]
[Date "2021.02.20"]
[Round "5.48"]
[White "Rachit, Rana"]
[Black "Carballido Mateo, Ignacio"]
[Result "1-0"]
[WhiteElo "2086"]
[BlackElo "1581"]
[Annotator "NA"]
[PlyCount "125"]
[EventDate "2021.02.19"]
[EventType "team-tourn"]
[EventCountry "NET"]
[SourceTitle "playchess.com"]
[Source "ChessBase"]
[SourceQuality "1"]

1. e4 e5 2. Nf3 Nc6 3. Bc4 h6 4. Nc3 Nf6 5. d4 exd4 6. Nxd4 Bc5 7. Nxc6 bxc6 8. Qf3 O-O 9. Qg3 Kh8 10. O-O d6 11. b3 Qd7 12. Bb2 Bd4 13. Rfe1 Be5 14. Qf3 Qg4 15. Qxg4 Nxg4 16. f3 Nf6 17. Rab1 Bb7 18. Ne2 Bxb2 19. Rxb2 Rad8 20. a4 c5 21. Nc3 Rfe8 22. Nd5 Nxd5 23. Rbb1 Nb4 24. c3 Nc6 25. Bxf7 Re7 26. Bd5 Rb8 27. b4 Ne5 28. bxc5 c6 29. cxd6 Rd7 30. Bxc6 Nxc6 31. Red1 Ne5 32. Rb5 Nc4 33. e5 Rdd8 34. Rd4 Nb6 35. f4 Bc6 36. Rbb4 Nxa4 37. Rxb8 Rxb8 38. d7 Rd8 39. e6 Nb6 40. f5 Kg8 41. e7 Rxd7 42. e8=Q+ Kh7 43. Rxd7 Bxd7 44. Qe4 Kg8 45. g4 Kh7 46. f6+ Kg8 47. Qf4 Nd5 48. Qb8+ Kh7 49. f7 Nf6 50. f8=Q Bxg4 51. Qh8+ Kg6 52. Qb1+ Bf5 53. Qb7 Bd7 54. Qxa7 Kf7 55. Qhb8 Kg6 56. Qb1+ Kf7 57. Qaa2+ Be6 58. Qb7+ Nd7 59. Qf2+ Ke7 60. Qh4+ Kd6 61. Qbb4+ Nc5 62. Qb6+ Kd5 63. Qd4# 1-0

[Event "1st FIDE OWCCCC Pools-East 2021"]
[Site "Online"]
[Date "2021.02.20"]
[Round "5.48"]
[White "Mazurok, Andriy"]
[Black "Patra, Anupam"]
[Result "1-0"]
[WhiteElo "1563"]
[BlackElo "1523"]
[Annotator "NA RC"]
[PlyCount "71"]
[EventDate "2021.02.19"]
[EventType "team-tourn"]
[EventCountry "NET"]
[SourceTitle "playchess.com"]
[Source "ChessBase"]
[SourceQuality "1"]

1. d4 d5 2. c4 e6 3. Bf4 Nf6 4. Nf3 Bd6 5. Bg3 O-O 6. e3 b6 7. Nc3 Bb7 8. Be2 dxc4 9. Bxc4 Re8 10. O-O Bxg3 11. fxg3 Nbd7 12. a4 c5 13. Bb5 a6 14. Be2 cxd4 15. Nxd4 Nc5 16. Bf3 Bxf3 17. Qxf3 Nce4 18. Nxe4 e5 19. Nxf6+ Qxf6 20. Qxf6 gxf6 21. Nc6 Rac8 22. Rxf6 Kg7 23. Rd6 e4 24. Nd4 Re5 25. Rxb6 Rec5 26. h3 a5 27. Rb5 h5 28. Rb7 Rg5 29. Ne6+ Kf6 30. Nxg5 Kxg5 31. Rb5+ Kg6 32. Rxa5 Rc2 33. Rb5 Re2 34. Ra3 Re1+ 35. Kh2 Re2 36. a5 1-0

[Event "1st FIDE OWCCCC Pools-East 2021"]
[Site "Online"]
[Date "2021.02.20"]
[Round "5.48"]
[White "Rallabhandi, Hari Shankar"]
[Black "Tveten, Gry"]
[Result "0-1"]
[WhiteElo "1297"]
[BlackElo "1193"]
[Annotator "NA"]
[PlyCount "24"]
[EventDate "2021.02.19"]
[EventType "team-tourn"]
[EventCountry "NET"]
[SourceTitle "playchess.com"]
[Source "ChessBase"]
[SourceQuality "1"]

1. d4 d5 2. c4 Nf6 3. e3 Nc6 4. Nc3 e5 5. Nf3 Bg4 6. Qb3 exd4 7. Nxd4 Nxd4 8. exd4 Bd6 9. Qxb7 Qe7+ 10. Be3 O-O 11. Nxd5 Nxd5 12. Qxd5 Bb4# 0-1

[Event "1st FIDE OWCCCC Pools-East 2021"]
[Site "Online"]
[Date "2021.02.20"]
[Round "5.48"]
[White "Sridhar V"]
[Black "Sawant, Priya"]
[Result "1-0"]
[WhiteElo "1122"]
[BlackElo "678"]
[Annotator "NA"]
[PlyCount "65"]
[EventDate "2021.02.19"]
[EventType "team-tourn"]
[EventCountry "NET"]
[SourceTitle "playchess.com"]
[Source "ChessBase"]
[SourceQuality "1"]

1. d4 d5 2. Nf3 Nf6 3. e3 Nc6 4. c3 e6 5. Bd3 Bd6 6. O-O O-O 7. Nbd2 Ng4 8. e4 Qf6 9. e5 Qh6 10. exd6 cxd6 11. h3 Nf6 12. Nc4 dxc4 13. Bxh6 gxh6 14. Bxc4 d5 15. Bd3 Bd7 16. Qc2 h5 17. Ne5 Nxe5 18. dxe5 Ne4 19. Bxe4 dxe4 20. Qxe4 Bb5 21. Rfe1 Rfd8 22. Re3 Rd7 23. Rg3+ Kf8 24. Qxh7 Rad8 25. Rg8+ Ke7 26. Rxd8 Rxd8 27. Qxh5 Rd2 28. Rd1 Rxb2 29. Qg5+ Kf8 30. Rd8+ Be8 31. Qf6 Rxa2 32. Qh8+ Ke7 33. Qxe8# 1-0

[Event "1st FIDE OWCCCC Pools-East 2021"]
[Site "Online"]
[Date "2021.02.20"]
[Round "5.48"]
[White "Ammar, Rimsha"]
[Black "Vosloo, Cicel Johannes"]
[Result "0-1"]
[WhiteElo "937"]
[BlackElo "1597"]
[Annotator "NA"]
[PlyCount "42"]
[EventDate "2021.02.19"]
[EventType "team-tourn"]
[EventCountry "NET"]
[SourceTitle "playchess.com"]
[Source "ChessBase"]
[SourceQuality "1"]

1. e4 d5 2. Nf3 dxe4 3. Nh4 e5 4. f3 Qxh4+ 5. Ke2 exf3+ 6. gxf3 Bc5 7. Qe1 Qxe1+ 8. Kxe1 Nf6 9. c3 Nc6 10. b4 Bb6 11. b5 Ne7 12. Na3 Be6 13. Rg1 Bxg1 14. Nc2 Bxh2 15. Bd3 O-O-O 16. Bf1 Ned5 17. Rb1 Nf4 18. Ne3 Bxa2 19. Rb4 N6d5 20. Ra4 Bb3 21. Re4 Bg3# 0-1

[Event "1st FIDE OWCCCC Pools-East 2021"]
[Site "Online"]
[Date "2021.02.20"]
[Round "5.49"]
[White "Vinod Kumar Sharma"]
[Black "trijeetxK"]
[Result "0-1"]
[WhiteElo "2173"]
[BlackElo "1328"]
[Annotator "NA"]
[PlyCount "48"]
[EventDate "2021.02.19"]
[EventType "team-tourn"]
[EventCountry "NET"]
[SourceTitle "playchess.com"]
[Source "ChessBase"]
[SourceQuality "1"]

1. d4 d5 2. c3 Nf6 3. g3 Nc6 4. Qa4 Bf5 5. Nd2 e6 6. Bh3 Bg6 7. Nc4 dxc4 8. Qxc4 Bd6 9. Bxe6 fxe6 10. Qxe6+ Qe7 11. Qe3 Qxe3 12. fxe3 O-O-O 13. Nf3 Be4 14. Rf1 h5 15. Ng5 Bg6 16. b4 h4 17. gxh4 Rxh4 18. e4 Nxe4 19. Nxe4 Bxe4 20. Bg5 Rxh2 21. Bxd8 Nxd8 22. Rf4 Bxf4 23. Rd1 Be3 24. d5 Rh1# 0-1

[Event "1st FIDE OWCCCC Pools-East 2021"]
[Site "Online"]
[Date "2021.02.20"]
[Round "5.49"]
[White "van Ravensteijn, Antal"]
[Black "Corblin, Regis"]
[Result "1-0"]
[WhiteElo "2098"]
[BlackElo "1548"]
[Annotator "TA"]
[PlyCount "93"]
[EventDate "2021.02.19"]
[EventType "team-tourn"]
[EventCountry "NET"]
[SourceTitle "playchess.com"]
[Source "ChessBase"]
[SourceQuality "1"]

1. Nf3 Nc6 2. d4 d5 3. g3 Nf6 4. Bg2 g6 5. O-O Bg7 6. b3 O-O 7. Bb2 Re8 8. Nbd2 Bf5 9. c4 Ne4 10. e3 e5 11. cxd5 Qxd5 12. dxe5 Nxe5 13. Nxe4 Nxf3+ 14. Bxf3 Qxd1 15. Raxd1 Bxb2 16. Nc5 Bh3 17. Bxb7 Bxf1 18. Bxa8 Rxa8 19. Kxf1 Ba3 20. Nd3 Rd8 21. Ke2 Kg7 22. b4 Rb8 23. Rb1 a5 24. b5 Bd6 25. a4 h5 26. Rc1 f6 27. Rc6 Rb6 28. Rc2 Rb8 29. Nb2 Rb7 30. Nc4 Bb4 31. e4 Kh6 32. Rc1 Kg7 33. Rd1 Kh6 34. Rd7 Kg5 35. h3 Kh6 36. f4 g5 37. f5 g4 38. hxg4 hxg4 39. Ne3 Kh5 40. Rh7+ Kg5 41. Rg7+ Kh5 42. Nxg4 Bd6 43. Kf3 Rb8 44. Rh7+ Kg5 45. Rg7+ Kh5 46. Nxf6+ Kh6 47. Rg6# 1-0

[Event "1st FIDE OWCCCC Pools-East 2021"]
[Site "Online"]
[Date "2021.02.20"]
[Round "5.49"]
[White "Kazarian, Anna-Maja"]
[Black "Jerome, Rombaut"]
[Result "1-0"]
[WhiteElo "2096"]
[BlackElo "1806"]
[Annotator "NA"]
[PlyCount "89"]
[EventDate "2021.02.19"]
[EventType "team-tourn"]
[EventCountry "NET"]
[SourceTitle "playchess.com"]
[Source "ChessBase"]
[SourceQuality "1"]

1. e4 c5 2. Nf3 Nc6 3. d4 cxd4 4. Nxd4 g6 5. c4 Bg7 6. Be3 Qb6 7. Nxc6 Qxc6 8. Qc2 b5 9. c5 d6 10. Nc3 a6 11. b4 Nf6 12. Bd3 Ng4 13. Bd2 dxc5 14. Rc1 Be6 15. h3 Ne5 16. bxc5 Qxc5 17. Be2 Rc8 18. Qb1 Nc4 19. Bxc4 Bxc4 20. Nd5 Qa3 21. Bb4 Qxa2 22. Qxa2 Bxa2 23. Rxc8+ Kd7 24. Rc7+ Kd8 25. Bxe7+ Ke8 26. Bb4 Bc4 27. Re7+ Kd8 28. Ba5+ Kc8 29. Rxf7 Bd4 30. Nb6+ Kb8 31. Nxc4 bxc4 32. O-O Re8 33. Rb1+ Ka8 34. Rc7 c3 35. Bxc3 Rd8 36. Bxd4 Rxd4 37. f3 a5 38. e5 a4 39. e6 Rd8 40. e7 Re8 41. Rd7 a3 42. Rd8+ Rxd8 43. exd8=Q+ Ka7 44. Qb8+ Ka6 45. Qb6# 1-0

[Event "1st FIDE OWCCCC Pools-East 2021"]
[Site "Online"]
[Date "2021.02.20"]
[Round "5.49"]
[White "Duchesne, Raymond"]
[Black "Papu"]
[Result "0-1"]
[WhiteElo "1894"]
[BlackElo "1686"]
[Annotator "NA RC"]
[PlyCount "94"]
[EventDate "2021.02.19"]
[EventType "team-tourn"]
[EventCountry "NET"]
[SourceTitle "playchess.com"]
[Source "ChessBase"]
[SourceQuality "1"]

1. e4 c5 2. Nf3 e6 3. d4 cxd4 4. Nxd4 a6 5. c4 Qc7 6. Nc3 Nf6 7. Be2 Bb4 8. f3 Bxc3+ 9. bxc3 O-O 10. O-O Nc6 11. Be3 b6 12. Rb1 Rb8 13. Qd2 Na5 14. Rb4 d6 15. Rfb1 Nd7 16. f4 Nc5 17. Bf3 Rd8 18. Qf2 Nd3 19. Qe2 Nxb4 20. cxb4 Nc6 21. e5 Nxd4 22. Bxd4 dxe5 23. Bxe5 Qa7 24. Bxb8 Qxb8 25. Qe4 Qd6 26. Rd1 Qc7 27. Rxd8+ Qxd8 28. c5 bxc5 29. bxc5 g6 30. c6 Qb6+ 31. Kf1 a5 32. g3 Ba6+ 33. Kg2 Qb2+ 34. Kh3 Qb6 35. Qe5 Bc8 36. c7 f6 37. Qxf6 e5+ 38. Bg4 Bxg4+ 39. Kxg4 Qxf6 40. c8=Q+ Kg7 41. Qc7+ Kh6 42. Qxe5 Kg7 43. Qxf6+ Kxf6 44. h4 h5+ 45. Kf3 Kf5 46. a4 Kf6 47. Ke4 Ke6 0-1

[Event "1st FIDE OWCCCC Pools-East 2021"]
[Site "Online"]
[Date "2021.02.20"]
[Round "5.49"]
[White "P V N, Prameela"]
[Black "mpchess"]
[Result "0-1"]
[WhiteElo "732"]
[BlackElo "1652"]
[Annotator "NA"]
[PlyCount "92"]
[EventDate "2021.02.19"]
[EventType "team-tourn"]
[EventCountry "NET"]
[SourceTitle "playchess.com"]
[Source "ChessBase"]
[SourceQuality "1"]

1. e4 c5 2. Nc3 Nc6 3. g3 g6 4. Bg2 Bg7 5. Nf3 d6 6. O-O Nf6 7. d3 O-O 8. Bg5 a6 9. a4 Bg4 10. h3 Bd7 11. Nd5 Nxd5 12. exd5 Nb4 13. c3 Nxd5 14. d4 h6 15. Bh4 g5 16. c4 Nf6 17. Bxg5 hxg5 18. Nxg5 Bf5 19. Bxb7 Rb8 20. Bg2 Rxb2 21. g4 Bg6 22. dxc5 dxc5 23. f4 Qd4+ 24. Qxd4 cxd4 25. f5 Bh7 26. Ne4 e6 27. Nd6 exf5 28. gxf5 Rd8 29. c5 Rc2 30. Nb7 Rc8 31. c6 d3 32. Nd6 Rd8 33. Rac1 Rxd6 34. Rxc2 dxc2 35. c7 Bxf5 36. c8=Q+ Bxc8 37. h4 Rd1 38. h5 Rxf1+ 39. Kxf1 c1=Q+ 40. Kf2 Nxh5 41. Bf3 Qf4 42. Ke2 Ng3+ 43. Kf2 Bb7 44. Kg2 Qxf3+ 45. Kh3 Nf5+ 46. Kh2 Qg2# 0-1